Nicolas Caussin : rhétorique et spiritualité à l’époque de Louis XIII, Actes du Colloque de Troyes (16-17 septembre 2004) réunis par Sophie Conte, Berlin, LIT Verlag, 2007, 358 p. (Ars rhetorica, 19). (notice n° 1600363)
[ vue normale ]
| 000 -LEADER | |
|---|---|
| fixed length control field | 00645cam a2200145 4500500 |
| 005 - DATE AND TIME OF LATEST TRANSACTION | |
| control field | 20251228083014.0 |
| 041 ## - LANGUAGE CODE | |
| Language code of text/sound track or separate title | fre |
| 042 ## - AUTHENTICATION CODE | |
| Authentication code | dc |
| 100 10 - MAIN ENTRY--PERSONAL NAME | |
| Personal name | Mazouer, Charles |
| Relator term | author |
| 245 00 - TITLE STATEMENT | |
| Title | Nicolas Caussin : rhétorique et spiritualité à l’époque de Louis XIII, Actes du Colloque de Troyes (16-17 septembre 2004) réunis par Sophie Conte, Berlin, LIT Verlag, 2007, 358 p. (Ars rhetorica, 19). |
| 260 ## - PUBLICATION, DISTRIBUTION, ETC. | |
| Date of publication, distribution, etc. | 2009.<br/> |
| 500 ## - GENERAL NOTE | |
| General note | 4 |
| 786 0# - DATA SOURCE ENTRY | |
| Note | Dix-septième siècle | 244 | 3 | 2009-07-27 | p. 555b-565b | 0012-4273 |
| 856 41 - ELECTRONIC LOCATION AND ACCESS | |
| Uniform Resource Identifier | <a href="https://shs.cairn.info/revue-dix-septieme-siecle-2009-3-page-555b?lang=fr&redirect-ssocas=7080">https://shs.cairn.info/revue-dix-septieme-siecle-2009-3-page-555b?lang=fr&redirect-ssocas=7080</a> |
Pas d'exemplaire disponible.




Réseaux sociaux